[Event "Olomouc Chess Summer 2025 - B2"]
[Site "Olomouc (CZE), Hotel Flora"]
[Date "2025.08.20"]
[Round "5"]
[Board "5"]
[White "Kejna, Piotr"]
[Black "Ptacnikova, Lenka"]
[Result "1-0"]
[WhiteElo "2363"]
[BlackElo "2115"]
[PlyCount "0"]
[EventDate "2025.08.17"]
[EventRounds "9"]
[EventCountry "CZE"]

1. e4 c5 2. Nf3 e6 3. d4 cxd4 4. Nxd4 Nc6 5. Nc3 Qc7 6. Be3 a6 7. Qd2 Nf6 8. O-O-O
Be7 9. f3 Nxd4 10. Bxd4 b5 11. g4 Bb7 12. g5 Nh5 13. Kb1 Bc6 14. Ne2 d5 15. e5 g6
16. Ng3 Ng7 17. h4 Nf5 18. Nxf5 gxf5 19. Bd3 b4 20. h5 Rg8 21. Rdg1 Bb5 22. g6 hxg6
23. hxg6 fxg6 24. Rh7 Bxd3 25. cxd3 Rc8 26. Qh2 a5 27. Be3 b3 28. axb3 Qb7 29. Rc1
Rxc1+ 30. Bxc1 Qb4 31. Bd2 Qc5 32. d4  1-0

[Event "Olomouc Chess Summer 2025 - B2"]
[Site "Olomouc (CZE), Hotel Flora"]
[Date "2025.08.21"]
[Round "6"]
[Board "1"]
[White "Warchol, Kamil"]
[Black "Ptacnikova, Lenka"]
[Result "1/2-1/2"]
[WhiteElo "2280"]
[BlackElo "2115"]
[PlyCount "0"]
[EventDate "2025.08.17"]
[EventRounds "9"]
[EventCountry "CZE"]

1. e4 c5 2. Nf3 e6 3. d4 cxd4 4. Nxd4 Nc6 5. Nc3 Qc7 6. Be3 a6 7. a3 b5 8. Nxc6 Qxc6
9. h4 Bb7 10. h5 h6 11. Rh3 Qc7 12. f4 Nf6 13. e5 Ne4 14. Nxe4 Bxe4 15. Bd3 Bxg2
16. Rg3 Bd5 17. Qd2 Rb8 18. Bd4 Qc6 19. Qf2 a5 20. Kf1 Be4 21. Kg1 Rc8 22. c3 Bxd3
23. Rxd3 Qe4 24. Rad1 g5 25. hxg6 Rg8 26. Rg3 Rxg6 27. Qg2 Qxg2+ 28. Kxg2 Bc5 29.
Bxc5 Rxc5 30. Rh1 b4 31. Rxg6 fxg6 32. axb4 axb4 33. Rxh6 bxc3 34. bxc3 g5 35. fxg5
Rxe5 36. g6 Rg5+ 37. Kf3 Ke7 38. Rh7+ Kf6 39. Rxd7  1/2-1/2

[Event "Olomouc Chess Summer 2025 - B2"]
[Site "Olomouc (CZE), Hotel Flora"]
[Date "2025.08.21"]
[Round "6"]
[Board "2"]
[White "Bokhnak, Tymofii"]
[Black "Kejna, Piotr"]
[Result "1/2-1/2"]
[WhiteElo "2261"]
[BlackElo "2363"]
[PlyCount "0"]
[EventDate "2025.08.17"]
[EventRounds "9"]
[EventCountry "CZE"]

1. e4 c5 2. Nf3 d6 3. Bb5+ Nd7 4. O-O a6 5. Bd3 Ngf6 6. Re1 b5 7. c3 Bb7 8. a4 c4
9. Bc2 e6 10. d4 cxd3 11. Bxd3 bxa4 12. Qxa4 Be7 13. h3 O-O 14. Be3 Qc7 15. Nbd2
d5 16. e5 Ne8 17. Bg5 Bxg5 18. Nxg5 g6 19. Qh4 h5 20. Ndf3 Ng7 21. g4 f6 22. exf6
Rxf6 23. gxh5 gxh5 24. Qg3 Qxg3+ 25. fxg3 a5 26. Ne5 Nxe5 27. Rxe5 Bc6 28. b4 axb4
29. Rxa8+ Bxa8 30. cxb4 Rf8 31. Re2 Re8 32. b5 e5 33. Bh7+ Kh8 34. Bg6 Rb8 35. Nf7+
Kg8 36. Nh6+ Kf8 37. Rxe5 Rxb5 38. Nf5 Rb6 39. Nxg7 Kxg7 40. Bxh5 Kf6 41. Re2 d4
42. Kf2 Bd5 43. Bf3 Bc4 44. Re4 Rb2+ 45. Ke1 Rb3 46. Kf2 Rb2+ 47. Ke1 Rb3 48. Bg4
Rxg3 49. Rxd4 Bf7 50. Kf2  1/2-1/2

[Event "Olomouc Chess Summer 2025 - B2"]
[Site "Olomouc (CZE), Hotel Flora"]
[Date "2025.08.21"]
[Round "6"]
[Board "3"]
[White "Lalic, Bogdan"]
[Black "Filindash, Nikita"]
[Result "1-0"]
[WhiteElo "2317"]
[BlackElo "2134"]
[PlyCount "0"]
[EventDate "2025.08.17"]
[EventRounds "9"]
[EventCountry "CZE"]

1. c4 e6 2. Nf3 d5 3. d4 c6 4. Nbd2 Nf6 5. g3 c5 6. cxd5 exd5 7. dxc5 Bxc5 8. Nb3
Bb6 9. Bg2 O-O 10. O-O h6 11. Nbd4 Nc6 12. b3 Re8 13. Bb2 Bd7 14. Nxc6 bxc6 15. Ne5
Qe7 16. e3 Rac8 17. Rc1 Qd6 18. Nxd7 Nxd7 19. Qg4 Ne5 20. Qf5 Rc7 21. Rfd1 Re6 22.
h3 Nd7 23. Qf4 Qxf4 24. gxf4 f5 25. Rc2 Nc5 26. b4 Ne4 27. Be5 Rd7 28. Rdc1 a5 29.
Rxc6 Rxc6 30. Rxc6 Rb7 31. b5 a4 32. h4 Ba5 33. Bh3 Rxb5 34. Bxf5 Be1 35. Kg2 Rb7
36. Be6+ Kh7 37. Bxd5 Nxf2 38. Rc1  1-0

[Event "Olomouc Chess Summer 2025 - B2"]
[Site "Olomouc (CZE), Hotel Flora"]
[Date "2025.08.21"]
[Round "6"]
[Board "4"]
[White "Jurek, Josef"]
[Black "Arora, Honi"]
[Result "0-1"]
[WhiteElo "2137"]
[BlackElo "2270"]
[PlyCount "0"]
[EventDate "2025.08.17"]
[EventRounds "9"]
[EventCountry "CZE"]

1. c4 c6 2. d4 d5 3. cxd5 cxd5 4. Bf4 Nf6 5. Nc3 Nc6 6. e3 a6 7. Bd3 Bg4 8. Nge2
e6 9. O-O Be7 10. f3 Bh5 11. Bg3 Rc8 12. Nf4 Bg6 13. Rc1 Bd6 14. Nxg6 hxg6 15. Bxd6
Qxd6 16. g3 e5 17. dxe5 Qxe5 18. Qd2 Kf8 19. Nd1 Kg8 20. Rf2 g5 21. Qc3 Qe6 22. Qb3
Ne5 23. Rxc8+ Qxc8 24. Qc2 Qe8 25. Bf5 g6 26. Bc8 Kg7 27. Bxb7 g4 28. fxg4 Nexg4
29. Rd2 Nxe3 30. Qd3 Neg4 31. Re2 Qb8 32. Bxa6 Qb6+ 33. Kh1 Ne4 34. Rg2 Nef2+ 35.
Nxf2 Nxf2+  0-1

[Event "Olomouc Chess Summer 2025 - B2"]
[Site "Olomouc (CZE), Hotel Flora"]
[Date "2025.08.21"]
[Round "6"]
[Board "5"]
[White "Postlmayer, Jakob"]
[Black "Biolek, Richard"]
[Result "1-0"]
[WhiteElo "2422"]
[BlackElo "2334"]
[PlyCount "0"]
[EventDate "2025.08.17"]
[EventRounds "9"]
[EventCountry "CZE"]

1. d4 Nf6 2. c4 e6 3. Nf3 d5 4. Nc3 Be7 5. Bf4 O-O 6. e3 c5 7. dxc5 Bxc5 8. a3 Nc6
9. Qc2 Qe7 10. Bg5 d4 11. exd4 Nxd4 12. Nxd4 Bxd4 13. O-O-O Bxc3 14. Qxc3 Bd7 15.
Bxf6 gxf6 16. Qg3+ Kh8 17. Qh4 Rfe8 18. g4 Bc6 19. Rg1 e5 20. Rg3 Rg8 21. Rh3 Rg7
22. Rhd3 e4 23. Rd6 Ba4 24. R1d2 e3 25. fxe3 Qxe3 26. Be2 Rg6 27. Qg3 Qxg3 28. hxg3
Kg7 29. R2d3 Bc6 30. Kd2 a5 31. b3 Re8 32. b4 axb4 33. axb4 Rh6 34. b5 Bh1 35. Rd8
Re5 36. Re3 Rh2 37. Re8 Rxe8 38. Rxe8 Rg2 39. Re3 Rg1 40. Kc3 Kg6 41. Kd4 Kg5 42.
c5 Rb1 43. Re7 Re1 44. Ke3 Rc1 45. Rxf7 Rxc5 46. Rxh7 Re5+ 47. Kf2 Bd5 48. Rh5+ Kg6
49. Bd3+ Kg7 50. Rxe5 fxe5 51. b6 e4 52. Bc2  1-0

[Event "Olomouc Chess Summer 2025 - B2"]
[Site "Olomouc (CZE), Hotel Flora"]
[Date "2025.08.22"]
[Round "7"]
[Board "1"]
[White "Biolek, Richard"]
[Black "Warchol, Kamil"]
[Result "1/2-1/2"]
[WhiteElo "2334"]
[BlackElo "2280"]
[PlyCount "0"]
[EventDate "2025.08.17"]
[EventRounds "9"]
[EventCountry "CZE"]

1. Nf3 d5 2. d4 Nf6 3. Bf4 c5 4. e3 Nc6 5. c3 e6 6. Nbd2 Be7 7. Bd3 Nh5 8. Bg3 Qb6
9. Rb1 Nxg3 10. hxg3 Bd7 11. Qe2 O-O-O 12. a3 g5 13. b4 g4 14. Nh4 c4 15. Bc2 f5
16. f4 Bf6 17. a4 Ne7 18. Kf2 Rdg8 19. Rh2 Qd8 20. Rbh1 h5 21. Qd1 Rh6 22. Qb1 Kb8
23. Ke2 Be8 24. Qe1 Ng6 25. Qf1 Be7 26. Qb1 Qc7 27. Rf1 Qd8 28. Rfh1 Qc7 29. Rf1
Qd8  1/2-1/2

[Event "Olomouc Chess Summer 2025 - B2"]
[Site "Olomouc (CZE), Hotel Flora"]
[Date "2025.08.22"]
[Round "7"]
[Board "2"]
[White "Arora, Honi"]
[Black "Postlmayer, Jakob"]
[Result "0-1"]
[WhiteElo "2270"]
[BlackElo "2422"]
[PlyCount "0"]
[EventDate "2025.08.17"]
[EventRounds "9"]
[EventCountry "CZE"]

1. e4 c5 2. Nf3 d6 3. d4 cxd4 4. Nxd4 Nf6 5. Nc3 Nc6 6. Bg5 e6 7. Qd2 a6 8. O-O-O
Bd7 9. f3 Nxd4 10. Qxd4 Be7 11. h4 Qc7 12. Kb1 b5 13. Qd2 h6 14. Be3 h5 15. Ne2 Rc8
16. Nd4 O-O 17. Rc1 e5 18. Nf5 Bxf5 19. exf5 d5 20. Bg5 e4 21. Be2 Rfd8 22. c3 Qd7
23. Rhf1 Qxf5 24. fxe4 Qg6 25. Qc2 Nxe4 26. Bxe7 Re8 27. Bg5 Nxg5 28. Qxg6 fxg6 29.
Rfe1 Ne4 30. Rcd1 Re5 31. Bd3 Rce8 32. Kc2 Nf2 33. Rxe5 Rxe5 34. Rf1 Nxd3 35. Kxd3
g5 36. hxg5 Rxg5 37. Rf2 Rg4 38. Ke3 g5 39. Rd2 Kf7 40. Kf3 Rf4+ 41. Ke3 Ke6 42.
g3 Re4+ 43. Kf3 g4+ 44. Kf2 b4 45. Rd1 bxc3 46. bxc3 Kd6 47. Rb1 Kc7 48. Rh1 Re5
49. Rb1 Rf5+ 50. Ke2 Rf3 51. Rh1 Rxg3 52. Rxh5 Rxc3 53. Rxd5 Rc2+ 54. Kd3 Rxa2 55.
Rg5 g3 56. Kc4 g2 57. Rg6 Kd7 58. Kd5 Rd2+ 59. Kc5 Ke7 60. Kd4  0-1

[Event "Olomouc Chess Summer 2025 - B2"]
[Site "Olomouc (CZE), Hotel Flora"]
[Date "2025.08.22"]
[Round "7"]
[Board "3"]
[White "Filindash, Nikita"]
[Black "Jurek, Josef"]
[Result "1/2-1/2"]
[WhiteElo "2134"]
[BlackElo "2137"]
[PlyCount "0"]
[EventDate "2025.08.17"]
[EventRounds "9"]
[EventCountry "CZE"]

1. d4 Nf6 2. c4 e6 3. Nc3 Bb4 4. e3 b6 5. Nge2 c5 6. a3 Ba5 7. Rb1 Na6 8. Ng3 Bb7
9. f3 O-O 10. Bd3 cxd4 11. exd4 Bxc3+ 12. bxc3 d6 13. O-O Rc8 14. Qe2 Nb8 15. Bg5
h6 16. f4 Nbd7 17. Bh4 Qc7 18. Nh5 Nxh5 19. Qxh5 f5 20. d5 Nf6 21. Bxf6 Rxf6 22.
dxe6 Rcf8 23. Rbe1 Qe7 24. Qe2 Bc8 25. c5 d5 26. cxb6 axb6 27. Qf2 Rxe6  1/2-1/2

[Event "Olomouc Chess Summer 2025 - B2"]
[Site "Olomouc (CZE), Hotel Flora"]
[Date "2025.08.22"]
[Round "7"]
[Board "5"]
[White "Ptacnikova, Lenka"]
[Black "Bokhnak, Tymofii"]
[Result "0-1"]
[WhiteElo "2115"]
[BlackElo "2261"]
[PlyCount "0"]
[EventDate "2025.08.17"]
[EventRounds "9"]
[EventCountry "CZE"]

1. Nf3 Nf6 2. c4 e6 3. e3 d5 4. Nc3 Be7 5. b3 O-O 6. Bb2 dxc4 7. Bxc4 a6 8. Qc2 b5
9. Bd3 Bb7 10. Ne4 Nbd7 11. Nxf6+ Nxf6 12. Rc1 h6 13. Qxc7 Bxf3 14. gxf3 Qxd3 15.
Qxe7 Rfd8 16. Qb4 Rac8 17. Bc3 a5 18. Qxa5 Nd5 19. Bb2 Ra8  0-1

[Event "Olomouc Chess Summer 2025 - B2"]
[Site "Olomouc (CZE), Hotel Flora"]
[Date "2025.08.23"]
[Round "8"]
[Board "1"]
[White "Warchol, Kamil"]
[Black "Bokhnak, Tymofii"]
[Result "1-0"]
[WhiteElo "2280"]
[BlackElo "2261"]
[PlyCount "0"]
[EventDate "2025.08.17"]
[EventRounds "9"]
[EventCountry "CZE"]

1. e4 c5 2. Nf3 e6 3. d4 cxd4 4. Nxd4 a6 5. Bd3 Bc5 6. Nb3 Ba7 7. O-O Ne7 8. Qe2
Nbc6 9. Be3 Bxe3 10. Qxe3 d5 11. c3 O-O 12. N1d2 Qc7 13. Nf3 b6 14. e5 Ng6 15. Rfe1
f5 16. Rac1 Rd8 17. Nbd4 b5 18. b4 Nxd4 19. Nxd4 Nf8 20. a4 bxa4 21. c4 dxc4 22.
Bxc4 Qf7 23. Nc6 Re8 24. Na5 Ng6 25. Ra1 Qe7 26. Qc5 Bd7 27. Rad1 Bb5 28. Rd6 Bxc4
29. Nxc4 Nf4 30. Nb6 Rab8 31. Qc4 Ng6 32. Qd4 Qc7 33. Nxa4 a5 34. Rd7 Qc2 35. Qa7
Nf8 36. Rxg7+ Kh8 37. Qf7  1-0

[Event "Olomouc Chess Summer 2025 - B2"]
[Site "Olomouc (CZE), Hotel Flora"]
[Date "2025.08.23"]
[Round "8"]
[Board "2"]
[White "Lalic, Bogdan"]
[Black "Ptacnikova, Lenka"]
[Result "1/2-1/2"]
[WhiteElo "2317"]
[BlackElo "2115"]
[PlyCount "0"]
[EventDate "2025.08.17"]
[EventRounds "9"]
[EventCountry "CZE"]

1. d4 Nf6 2. c4 e6 3. g3 d5 4. Bg2 dxc4 5. Nf3 c5 6. O-O Nc6 7. Ne5 Bd7 8. Na3 cxd4
9. Naxc4 Rc8 10. Qb3 Nxe5 11. Nxe5 Bc6 12. Nxc6 bxc6 13. e3 Bc5 14. Rd1  1/2-1/2

[Event "Olomouc Chess Summer 2025 - B2"]
[Site "Olomouc (CZE), Hotel Flora"]
[Date "2025.08.23"]
[Round "8"]
[Board "3"]
[White "Jurek, Josef"]
[Black "Kejna, Piotr"]
[Result "0-1"]
[WhiteElo "2137"]
[BlackElo "2363"]
[PlyCount "0"]
[EventDate "2025.08.17"]
[EventRounds "9"]
[EventCountry "CZE"]

1. Nf3 c5 2. c4 Nc6 3. Nc3 Nf6 4. g3 e6 5. Bg2 d5 6. cxd5 exd5 7. d4 cxd4 8. Nxd4
Bc5 9. Nxc6 bxc6 10. O-O O-O 11. b3 Re8 12. Bb2 Bg4 13. Qc2 Bb6 14. e3 Rc8 15. Na4
Qd6 16. Rac1 Bh5 17. Bxf6 gxf6 18. Nc5 Bg4 19. Rfe1 Re7 20. h3 Be6 21. Red1 f5 22.
Rd4 Bd8 23. Qe2 Rec7 24. Qa6 Bf6 25. Rd2 Kh8 26. Qa4 Rd8 27. Na6 Rcc8 28. Nc5 Qc7
29. Rdc2 Rd6 30. Qf4 Qe7 31. Nb7 Rd7 32. Nc5 Rdd8 33. h4 Rg8 34. Nxe6 Qxe6 35. Bh3
Be5 36. Qxf5 Qd6 37. Qxc8 Rxc8 38. Bxc8 Bxg3 39. fxg3 Qxg3+ 40. Kh1 Qxe3 41. Rc3
Qe4+ 42. Kg1 d4 43. Rg3 Qf4  0-1

[Event "Olomouc Chess Summer 2025 - B2"]
[Site "Olomouc (CZE), Hotel Flora"]
[Date "2025.08.23"]
[Round "8"]
[Board "4"]
[White "Postlmayer, Jakob"]
[Black "Filindash, Nikita"]
[Result "1/2-1/2"]
[WhiteElo "2422"]
[BlackElo "2134"]
[PlyCount "0"]
[EventDate "2025.08.17"]
[EventRounds "9"]
[EventCountry "CZE"]

1. d4 d5 2. c4 e6 3. Nc3 c6 4. e4 dxe4 5. Nxe4 Bb4+ 6. Bd2 Qxd4 7. Bxb4 Qxe4+ 8.
Be2 Na6 9. Bd6 Qxg2 10. Qd2 Nf6 11. Bf3 Qg6 12. O-O-O e5 13. Bxe5 Be6 14. Ne2 Qf5
15. Bf4 Qc5 16. b3 Nd5 17. Be5 O-O-O 18. Bd4 Qa3+ 19. Qb2 Qxb2+ 20. Kxb2 Nf6 21.
Bxa7 c5 22. Bb6 Rxd1 23. Rxd1 Ng4 24. Bxg4 Bxg4 25. Rd2 Bxe2 26. Rxe2 Kd7 27. a3
Re8 28. Rxe8 Kxe8 29. Kc3 Kd7 30. Kd3 Kd6 31. Ke4 Nb8 32. Ba5 Nd7 33. Bc3 f6 34.
h4 g6 35. Bd2 Ke6 36. Be3 Kd6 37. b4 cxb4 38. axb4 f5+ 39. Kd4 Nf6 40. f3 Nh5 41.
Bg5 Ng7 42. Bf4+ Kd7 43. Ke5 Ne8 44. b5 Nd6 45. Kd5 Nf7 46. c5 h6 47. Bd2 g5 48.
h5 Nd8 49. Ke5 g4 50. fxg4 fxg4 51. Kf4 Ne6+ 52. Kxg4 Nxc5 53. Kf5 Ne6 54. Kg6 Nd4
55. b6 Ne2 56. Bxh6 Ng3  1/2-1/2

[Event "Olomouc Chess Summer 2025 - B2"]
[Site "Olomouc (CZE), Hotel Flora"]
[Date "2025.08.23"]
[Round "8"]
[Board "5"]
[White "Biolek, Richard"]
[Black "Arora, Honi"]
[Result "1-0"]
[WhiteElo "2334"]
[BlackElo "2270"]
[PlyCount "0"]
[EventDate "2025.08.17"]
[EventRounds "9"]
[EventCountry "CZE"]

1. e4 c5 2. Nf3 d6 3. d4 cxd4 4. Nxd4 Nf6 5. Nc3 a6 6. h3 e5 7. Nf3 Be6 8. g4 h6
9. Bg2 Nbd7 10. O-O b5 11. Nh2 Be7 12. Be3 Nb6 13. b3 Rc8 14. Qd3 O-O 15. Rfd1 Qc7
16. Nd5 Nbxd5 17. exd5 Bd7 18. Rdc1 Nh7 19. c4 b4 20. a3 bxa3 21. Rxa3 Qb7 22. Rca1
Ra8 23. c5 Bb5 24. Qd2 f5 25. gxf5 Rxf5 26. c6 Qc8 27. Rc1 Rf7 28. Qd1 Qc7 29. Bf1
Bxf1 30. Nxf1 Bh4 31. Qg4 Ng5 32. Nh2 Bxf2+ 33. Bxf2 Rf4 34. Qd7 Nxh3+ 35. Qxh3 Raf8
36. Be3 Re4 37. Rf1 Rxf1+ 38. Nxf1  1-0

[Event "Olomouc Chess Summer 2025 - B2"]
[Site "Olomouc (CZE), Hotel Flora"]
[Date "2025.08.24"]
[Round "9"]
[Board "1"]
[White "Arora, Honi"]
[Black "Warchol, Kamil"]
[Result "1/2-1/2"]
[WhiteElo "2270"]
[BlackElo "2280"]
[PlyCount "0"]
[EventDate "2025.08.17"]
[EventRounds "9"]
[EventCountry "CZE"]

1. e4 c5 2. Nf3 Nc6 3. d4 cxd4 4. Nxd4 Nf6 5. Nc3 e5 6. Ndb5 d6 7. Nd5 Nxd5 8. exd5
Nb8 9. c4 Be7 10. Bd3 a6 11. Nc3 O-O 12. O-O f5 13. f3 Nd7 14. Kh1 Bg5 15. a3 Bxc1
16. Rxc1 Nf6 17. b4 b6 18. Qd2 Bd7 19. Bc2 Rc8 20. Bb3 Nh5 21. Ne2 f4 22. Qe1 Rf6
23. Bc2 Rh6 24. Kg1 Qg5 25. Bd3 Nf6 26. Qf2 Qh5 27. g3 fxg3 28. Nxg3 Qg5 29. Kh1
Nxd5 30. Rg1 Nf4 31. Bf1 Qh4 32. Rc2 Rf8 33. Qxb6 Nh5 34. Qf2 Bc6 35. Nf5 Qf6 36.
Nxh6+ Qxh6 37. Bg2 e4 38. Rc3 exf3 39. Rxf3 Bxf3 40. Bxf3 Nf6 41. Qg3 Nd7 42. Bd5+
 1/2-1/2

[Event "Olomouc Chess Summer 2025 - B2"]
[Site "Olomouc (CZE), Hotel Flora"]
[Date "2025.08.24"]
[Round "9"]
[Board "2"]
[White "Filindash, Nikita"]
[Black "Biolek, Richard"]
[Result "1/2-1/2"]
[WhiteElo "2134"]
[BlackElo "2334"]
[PlyCount "0"]
[EventDate "2025.08.17"]
[EventRounds "9"]
[EventCountry "CZE"]

1. d4 d5 2. c4 e6 3. Nc3 c5 4. cxd5 exd5 5. dxc5 d4 6. Na4 Nc6 7. Nf3 Bg4 8. a3 Be7
9. g3 Bf6 10. Bg2 Nge7 11. O-O Qd7 12. b4 Rd8 13. Bb2 h5  1/2-1/2

[Event "Olomouc Chess Summer 2025 - B2"]
[Site "Olomouc (CZE), Hotel Flora"]
[Date "2025.08.24"]
[Round "9"]
[Board "4"]
[White "Ptacnikova, Lenka"]
[Black "Jurek, Josef"]
[Result "1/2-1/2"]
[WhiteElo "2115"]
[BlackElo "2137"]
[PlyCount "0"]
[EventDate "2025.08.17"]
[EventRounds "9"]
[EventCountry "CZE"]

1. c4 c5 2. g3 Nc6 3. Bg2 g6 4. Nc3 Bg7 5. e3 e6 6. Nge2 Nge7 7. O-O O-O 8. d4 cxd4
9. Nxd4 Nxd4 10. exd4 d5 11. cxd5 exd5 12. Be3 Be6  1/2-1/2

[Event "Olomouc Chess Summer 2025 - D1"]
[Site "Olomouc (CZE), Hotel Flora"]
[Date "2025.08.17"]
[Round "1"]
[Board "1"]
[White "Bartos, Jan"]
[Black "Heller, Jan"]
[Result "1-0"]
[WhiteElo "2167"]
[BlackElo "1919"]
[PlyCount "0"]
[EventDate "2025.08.17"]
[EventRounds "9"]
[EventCountry "CZE"]

1. d4 Nf6 2. c4 g6 3. Nc3 Bg7 4. e4 d6 5. Nf3 O-O 6. Be2 e5 7. Be3 exd4 8. Nxd4 Re8
9. f3 c6 10. Nc2 Qe7 11. Qd2 Na6 12. O-O-O Rd8 13. Bf4 Ne8 14. h4 Be6 15. h5 Nac7
16. hxg6 fxg6 17. Bg5 Bf6 18. Bxf6 Nxf6 19. Qg5 Nfd5 20. Qxe7 Nxe7 21. Rd2 d5 22.
Rhd1 Re8 23. cxd5 cxd5 24. exd5 Nexd5 25. Nxd5 Nxd5 26. Bb5 Re7 27. Rxd5 Bxd5 28.
Rxd5 Rc8 29. Kd2 a6 30. Bd3 Kg7 31. g4 Kf6 32. Be4 Rcc7 33. Nd4 Red7 34. g5+ Kf7
35. Rxd7+ Rxd7 36. Ke3 Re7 37. a4 Rc7 38. a5 Ke7 39. Kd3 Kd6 40. b4 Ke5 41. Nb3 Kf4
42. Nc5 Re7 43. Bxb7 Kxg5 44. Bxa6 h5 45. Bc8 Kf4 46. a6 Re3+ 47. Kc4 h4 48. a7  1-0

[Event "Olomouc Chess Summer 2025 - D1"]
[Site "Olomouc (CZE), Hotel Flora"]
[Date "2025.08.17"]
[Round "1"]
[Board "2"]
[White "Bazantova, Marie"]
[Black "Krejci, Jan"]
[Result "1-0"]
[WhiteElo "1900"]
[BlackElo "2131"]
[PlyCount "0"]
[EventDate "2025.08.17"]
[EventRounds "9"]
[EventCountry "CZE"]

1. e4 e5 2. Bc4 Nf6 3. Nc3 Nc6 4. d3 Bc5 5. a3 d6 6. Nf3 Bg4 7. h3 Bh5 8. g4 Nxg4
9. hxg4 Bxg4 10. Rg1 h5 11. Bb5 a6 12. Bxc6+ bxc6 13. Be3 Qf6 14. Rg3 Bd4 15. Kd2
Rb8 16. Qh1 O-O 17. Rb1 d5 18. Bxd4 exd4 19. Ne2 dxe4 20. dxe4 Rfd8 21. Qh4 Qd6 22.
e5 Qd5 23. Rxg4 hxg4 24. Rh1 Kf8 25. Qxg4 c5 26. Nf4 Qc4 27. e6 Ke7 28. Qg5+ Kd6
29. Ne5 Qb5 30. Nxf7+ Kc6 31. Nxd8+ Kb6 32. Nd3 c4 33. Qxb5+ axb5 34. e7  1-0

[Event "Olomouc Chess Summer 2025 - D1"]
[Site "Olomouc (CZE), Hotel Flora"]
[Date "2025.08.17"]
[Round "1"]
[Board "3"]
[White "Moingt, Jean-Claude"]
[Black "Lausman, Petr"]
[Result "1-0"]
[WhiteElo "2102"]
[BlackElo "1892"]
[PlyCount "0"]
[EventDate "2025.08.17"]
[EventRounds "9"]
[EventCountry "CZE"]

1. Nf3 d5 2. g3 Nf6 3. Bg2 Bf5 4. d3 e6 5. O-O Nbd7 6. Nbd2 c6 7. b3 Bd6 8. Bb2 h5
9. e4 Bg4 10. Qe1 Bc7 11. h3 Bxf3 12. Nxf3 Qe7 13. exd5 cxd5 14. Qe2 O-O-O 15. c4
Kb8 16. Nd4 h4 17. Nf5 Qf8 18. Nxh4 g5 19. Nf3 g4 20. hxg4 Nxg4 21. Bxh8 Qxh8 22.
d4 e5 23. Nh4 f5 24. Qf3 e4 25. Qxf5 Ndf6 26. Rac1 e3 27. f4 e2 28. Rfe1 Ne3 29.
Qd3 Nfg4 30. Nf3 Rg8 31. Rxe2 dxc4 32. bxc4 Qg7 33. Ne5 Qh6 34. Nxg4 Nxg4 35. Qf3
 1-0

[Event "Olomouc Chess Summer 2025 - D1"]
[Site "Olomouc (CZE), Hotel Flora"]
[Date "2025.08.17"]
[Round "1"]
[Board "4"]
[White "Muzik, Roman"]
[Black "Ptacek, Lubos"]
[Result "0-1"]
[WhiteElo "1879"]
[BlackElo "2074"]
[PlyCount "0"]
[EventDate "2025.08.17"]
[EventRounds "9"]
[EventCountry "CZE"]

1. e4 e5 2. Nf3 Nc6 3. Bc4 Be7 4. d4 d6 5. d5 Nb8 6. Nc3 Nf6 7. h3 O-O 8. O-O a6
9. a4 h6 10. Nh2 Nh7 11. f4 exf4 12. Bxf4 Nd7 13. Nf3 Bf6 14. Qd2 Re8 15. Rae1 Ne5
16. Nxe5 Bxe5 17. Bxe5 Rxe5 18. Qf4 Qe7 19. Re3 Nf6 20. Be2 Bd7 21. Rg3 Kh8 22. Bf3
b5 23. a5 b4 24. Nd1 Rf8 25. Nf2 Bb5 26. Rd1 c6 27. dxc6 Bxc6 28. Qd2 d5 29. Nd3
Nxe4 30. Qf4 Re6 31. Rg4 f5 32. Rg3 g5  0-1

[Event "Olomouc Chess Summer 2025 - D1"]
[Site "Olomouc (CZE), Hotel Flora"]
[Date "2025.08.17"]
[Round "1"]
[Board "5"]
[White "Vales, Vaclav"]
[Black "Huncar, Martin"]
[Result "1-0"]
[WhiteElo "2059"]
[BlackElo "1877"]
[PlyCount "0"]
[EventDate "2025.08.17"]
[EventRounds "9"]
[EventCountry "CZE"]

1. d4 Nf6 2. Nf3 g6 3. c4 Bg7 4. Nc3 d6 5. e4 O-O 6. Be2 Bg4 7. O-O Nbd7 8. Ne1 Bxe2
9. Qxe2 c5 10. d5 e5 11. Nd3 h6 12. Rb1 a6 13. f3 b5 14. cxb5 axb5 15. Nxb5 Qb6 16.
Nc3 c4+ 17. Nf2 Rfc8 18. Be3 Qb4 19. Rfc1 Nc5 20. Rc2 Nfd7 21. Rbc1 Nb6 22. Bd2 Kh7
23. Nb1 Qa4 24. Na3 h5 25. Be3 Bh6 26. Bxh6 Kxh6 27. Nxc4 Nxc4 28. Rxc4 Qxa2 29.
Qe3+ Kg7 30. b4 Ra3 31. R4c3 Rxc3 32. Rxc3 Nd3 33. Rxd3 Rc2 34. Rd1 Re2 35. Qb6 Qd2
36. Rf1 Re1 37. Qb5 Re2 38. Qc4 h4 39. h3 g5 40. b5 g4 41. fxg4 Qe3 42. Qd3 Qxd3
43. Nxd3 Rd2 44. b6 Rxd3 45. Rb1  1-0

[Event "Olomouc Chess Summer 2025 - D1"]
[Site "Olomouc (CZE), Hotel Flora"]
[Date "2025.08.18"]
[Round "2"]
[Board "1"]
[White "Motyl, Tomasz"]
[Black "Bartos, Jan"]
[Result "1/2-1/2"]
[WhiteElo "1941"]
[BlackElo "2167"]
[PlyCount "0"]
[EventDate "2025.08.17"]
[EventRounds "9"]
[EventCountry "CZE"]

1. e4 c5 2. Nc3 Nc6 3. f4 g6 4. Nf3 Bg7 5. Bb5 Nd4 6. O-O Nh6 7. Bc4 O-O 8. d3 d6
9. h3 Bd7 10. g4 Kh8 11. f5 b5 12. Bd5 Rb8 13. Nxd4 Bxd4+ 14. Kg2 Ng8 15. Ne2 Bg7
16. Ng3 e6 17. Bb3 Qc7 18. c3 exf5 19. gxf5 Nf6 20. Bf4 Bc6 21. Qd2 Qd7 22. Bh6 c4
23. Bxg7+ Kxg7 24. Bc2 cxd3 25. Bxd3 Rbe8 26. Rae1 Re5 27. Kh2 d5 28. Qf4 Qe7 29.
exd5 Rxe1 30. dxc6 Rxf1 31. Bxf1 Qc5 32. Bg2 Rc8 33. Qg5 Qe5 34. Qd2 Nh5 35. Qd4
Re8 36. Qxe5+ Rxe5 37. Nxh5+ gxh5 38. b4 Re7 39. Kg3 Kf8 40. Kf4 f6 41. Bd5 Ke8 42.
Be6 Kd8 43. Ke4 Kc7 44. Kd5 Rg7 45. Bd7 Re7 46. Be6 Re8 47. h4 Re7 48. Kc5 a6 49.
Kd5 h6 50. a3 Re8 51. Kc5 Re7 52. Kd5 Re8 53. Kc5  1/2-1/2

[Event "Olomouc Chess Summer 2025 - D1"]
[Site "Olomouc (CZE), Hotel Flora"]
[Date "2025.08.18"]
[Round "2"]
[Board "2"]
[White "Heyl, Thomas"]
[Black "Moingt, Jean-Claude"]
[Result "1/2-1/2"]
[WhiteElo "1940"]
[BlackElo "2102"]
[PlyCount "0"]
[EventDate "2025.08.17"]
[EventRounds "9"]
[EventCountry "CZE"]

1. c4 e5 2. Nc3 Nf6 3. Nf3 Nc6 4. e3 Bb4 5. Qc2 Bxc3 6. bxc3 O-O 7. e4 d6 8. Be2
Ne7 9. O-O Ng6 10. Re1 h6 11. a4 Nh7 12. d4 Qf6 13. Be3 Nf4 14. Bf1 Nh3+ 15. Kh1
Bg4 16. Ng1 Nxg1 17. Kxg1 Qg6 18. Kh1 Nf6 19. f3 Bd7 20. a5 Rfe8 21. Bd3 Nh5 22.
Reb1 b6 23. c5 dxc5 24. dxc5 bxc5 25. Bxc5 Nf4 26. Be3 Nxd3  1/2-1/2